| 000 | 00518cam a2200181ua 4500 | ||
|---|---|---|---|
| 041 |
_aeng _h |
||
| 082 |
_a551.492 _bBHA/PL |
||
| 100 | _aBhandarkar, D M. | ||
| 245 |
_aPlanning for efficient soil and water management for village Islamnagar / _cD M Bhandarkar. _hTextual Documents |
||
| 250 |
_a1 / _b. |
||
| 260 |
_aBhopal : _bCentre Institute of Agricultural Engineering , _c1986. |
||
| 300 | _a161 ; . | ||
| 500 | _a16718- Reference | ||
| 504 | _a | ||
| 942 | _cBK | ||
| 999 |
_c312 _d312 |
||